000 01218nam0a22002891 4500
001 rc\4552934
005 20130416184042.4
021 _aRU
_b[61-37729]
035 _a(NLR Aleph) 008642577
090 _a8951582
_c8951582
100 _a20130416d1961 |||y0rusy50 ca
101 0 _arus
102 _aRU
105 _aa z |||||
200 1 _aВодопоглощение пластических масс
_e(Обзор зарубежной техники)
_fГос. науч.-техн. ком. Совета Министров РСФСР. Центр. ин-т техн.-экон. информации
210 _aМосква
_cБ. и.
_d1961
215 _a20 с., 1 л. табл.
_cграф.
_d27
300 _aПеред загл. авт.: А.З. Лейтес, Т.П. Гильман, С.М. Перлин
606 _aПластмассы
_xВлагопоглощаемость
_2psbo
700 1 _aЛейтес
_bА. З.
_gАлиса Захаровна
701 1 _aГильман
_bТ. П.
_gТатьяна Петровна
701 1 _aПерлин
_bС. М.
_gСамуил Менделеевич
801 0 _aRU
_bNLR
_gpsbo
801 1 _aRU
_bELAR
_2rusmarc
852 _aNLR
_j61-7/1010
942 _cBOOK
980 _aNB